[Event "Wch FIDE Online U16 Asia qual"]
[Site "Tornelo INT"]
[Date "2020.12.11"]
[Round "1"]
[White "Khaled Waleed, Abdullah"]
[Black "Chinguun, Sumiya"]
[Result "0-1"]
[WhiteElo "1568"]
[BlackElo "2269"]
[PlyCount "104"]
[EventDate "2020.12.11"]
[EventType "swiss (rapid)"]
[EventRounds "7"]
[EventCountry "ISS"]
[SourceTitle "EXT 2022"]
[Source "ChessBase"]
[SourceDate "2021.10.06"]
[SourceVersion "1"]
[SourceVersionDate "2021.10.06"]
[SourceQuality "1"]

1. e4 c5 2. Nf3 e6 3. d4 cxd4 4. Nxd4 a6 5. Be3 Qc7 6. a3 Nf6 7. Nc3 b5 8. Bd3 Bb7 9. 0-0 d6 10. f4 Be7 11. Kh1 0-0 12. h3 Nbd7 13. Nf3 Nc5 14. Bxc5 Qxc5 15. Qe2 Nh5 16. Qf2 Qxf2 17. Rxf2 Nxf4 18. Nd4 Nxd3 19. cxd3 Bf6 20. Nde2 Rac8 21. d4 h6 22. Rd1 Rfd8 23. Rf3 a5 24. Re3 b4 25. axb4 axb4 26. Na2 Rc2 27. Nxb4 Rxb2 28. Nd3 Rb3 29. Ng3 Bxd4 30. Rf3 Ba6 31. Nc1 Rxf3 32. gxf3 Be5 33. Nge2 g5 34. Kg2 Rc8 35. Rd2 Rb8 36. Ra2 Bc4 37. Rc2 d5 38. exd5 exd5 39. Ng3 Bxg3 40. Kxg3 Re8 41. f4 Re3+ 42. Kg4 Re4 43. Rf2 Kg7 44. Kf5 Rxf4+ 45. Rxf4 gxf4 46. Kxf4 Kf6 47. h4 h5 48. Ke3 Kf5 49. Kf2 Kg4 50. Ke3 f5 51. Kd4 f4 52. Ke5 f3 0-1